Phân lập và định danh Leptospira gây bệnh trên chó tại thành phố Cần Thơ : Báo cáo tổng kết đề tài khoa học và công nghệ cấp trường
Nội dung đề tài khảo sát các chỉ tiêu hồng cầu, bạch cầu, hemoglobin, chức năng gan và thận. Sự lưu hành của xoắn khuẩn Leptospira.
में बचाया:
| मुख्य लेखक: | |
|---|---|
| स्वरूप: | पुस्तक |
| भाषा: | Undetermined |
| प्रकाशित: |
Cần Thơ
Trường Đại học Cần Thơ
2015
|
| विषय: | |
| टैग : |
टैग जोड़ें
कोई टैग नहीं, इस रिकॉर्ड को टैग करने वाले पहले व्यक्ति बनें!
|
| Thư viện lưu trữ: | Trung tâm Học liệu Trường Đại học Cần Thơ |
|---|
| LEADER | 01096nam a2200229Ia 4500 | ||
|---|---|---|---|
| 001 | CTU_210368 | ||
| 008 | 210402s9999 xx 000 0 und d | ||
| 082 | |a 636.70896 | ||
| 082 | |b M558 | ||
| 088 | |a T2014-66 | ||
| 100 | |a Nguyễn, Thị Bé Mười | ||
| 245 | 0 | |a Phân lập và định danh Leptospira gây bệnh trên chó tại thành phố Cần Thơ : | |
| 245 | 0 | |b Báo cáo tổng kết đề tài khoa học và công nghệ cấp trường | |
| 245 | 0 | |c Nguyễn Thị Bé Mười (chủ nhiệm đề tài) | |
| 260 | |a Cần Thơ | ||
| 260 | |b Trường Đại học Cần Thơ | ||
| 260 | |c 2015 | ||
| 520 | |a Nội dung đề tài khảo sát các chỉ tiêu hồng cầu, bạch cầu, hemoglobin, chức năng gan và thận. Sự lưu hành của xoắn khuẩn Leptospira. | ||
| 650 | |a Leptospira,Chó,Vi khuẩn Leptospira,Dogs | ||
| 650 | |x Bệnh tật,Diseases | ||
| 904 | |i Võ Thị Cẩm Tú,Qhieu | ||
| 980 | |a Trung tâm Học liệu Trường Đại học Cần Thơ | ||